Estatísticas para Cultura Geral

Clique aqui para jogar o quiz

Estatísticas Gerais

  • Esse quiz foi jogado 24 vezes
  • A pontuação média é 5 de 15

Estatísticas das Respostas

HintResposta% Correto
Em que país fica a sede da empresa Yahoo!?Estados Unidos
100%
Que doce vendem a empresa Dunkin' Donuts?Donuts
86%
Em que país podemos encontrar a sede da empresa Michelin?França
71%
Que empresa do ramo da informática desenvolveu o iTunes?Apple
57%
O que vende a empresa Pampers?Fraldas
43%
Em que país podemos encontrar a sede da empresa Umbro?Reino Unido
38%
Em que estado dos EUA podemos encontrar a cidade de Pasadena?Texas
24%
Que morador da Filadélfia inventou o pára-raios e as lentes bifocais?Benjamin Franklin
19%
O que vende a empresa New Balance?Sapatilhas
19%
Qual é o apelido da estilista Vera?Wang
14%
Qual é a profissão de Ralph Lauren?Designer
10%
Para que área está vocacionada a empresa Under Armour?Desporto
10%
Que grupo de R&B harmonizado cantou "Motownphilly"?Boyz II Men
0%
Na série Glee quem interpretou a personagem Finn Hudson?Cory Monteith
0%
Na série Glee quem era a líder das cheerleaders na primeira temporada?Quinn
0%

Distribuição das Pontuações

Percentil de Números Respondidos

Porcentagem de Pessoas com Cada Pontuação

Sua Pontuação Histórica

Você não jogou esse quiz